English prose: its elements, history, and usage /

Bibliographic Details
Main Author: Earle, John, 1824-1903
Format: Book
Language:English
Published: London : Smith, Elder & Co., 1890.
Subjects:

MARC

Tag First Indicator Second Indicator Subfields
LEADER 00000cam a2200000 4500
001 in00000036831
005 20151007062234.0
008 721002s1890 enk 00010 eng u
035 |a (OCoLC)00420462 
035 |9 AAD4309AM 
040 |c KSU  |d TXA  |d UtOrBLW 
049 |a TXAM  |c [250723] 
090 |a PR751  |b .E2 1890 
092 |a 808  |b E118e 
100 1 |a Earle, John,  |d 1824-1903. 
245 1 0 |a English prose: its elements, history, and usage /  |c by John Earle. 
264 1 |a London :  |b Smith, Elder & Co.,  |c 1890. 
300 |a x pages, 1 ., 530 pages ;  |c 23 cm. 
336 |a text  |b txt  |2 rdacontent 
337 |a unmediated  |b n  |2 rdamedia 
338 |a volume  |b nc  |2 rdacarrier 
650 0 |a English language  |x Style. 
650 0 |a English prose literature  |x History and criticism. 
999 |a MARS 
999 f f |s 54955d8b-5a57-38b0-85ae-3b6bf4c63736  |i fcc841c9-ed16-35e8-b6a5-494725734c7e  |t 0 
952 f f |p normal  |a Texas A&M University  |b College Station  |c Sterling C. Evans Library  |d Evans: Library Stacks  |t 0  |e PR751 .E2 1890  |h Library of Congress classification  |i unmediated -- volume  |m A14801193667 
998 f f |a PR751 .E2 1890  |t 0  |l Evans: Library Stacks